Nuevo asesor de padres, recursos para la salud de los hijos: guía pediátrica (Registro nro. 2662)

Detalles MARC
000 -Cabecera
Campo de control de longitud fija 01193aam a2200409 4500
005 - Fecha y hora de la última transacción
Campo de control 20250515171759.0
008 - Elementos de longitud fija--Información general
Campo de control de longitud fija 150605b2010 xxu||||| |||| 00| 0 spa d
020 ## - International Standard Book Number
Número Internacional Estándar del Libro (ISBN) 9788449435492
041 ## - Idioma
Código de idioma Español
082 ## - Clasificación Decimal Dewey
Número de clasificación 613.043.2 N964n
245 ## - Título propiamente dicho
Título Nuevo asesor de padres, recursos para la salud de los hijos: guía pediátrica
260 ## - Pie de imprenta
Lugar de publicación, distribución, etc. España
260 ## - Pie de imprenta
Nombre del editor, distribuidor, etc. Océano
260 ## - Pie de imprenta
Fecha de publicación, distribución, etc. 2010
300 ## - Descripción física
Extensión 287 páginas
Otras características físicas Ilustraciones y fotografías a color
650 ## - Materia general
Temática (materia general) SALUD INFANTIL
650 ## - Materia general
Temática (materia general) ENFERMEDADES GENÉTICAS
650 ## - Materia general
Temática (materia general) ENFERMEDADES HERDITARIAS
650 ## - Materia general
Temática (materia general) RECIÉN NACIDOS
650 ## - Materia general
Temática (materia general) NIÑOS
650 ## - Materia general
Temática (materia general) ENFERMEDADES RESPIRATORIAS
650 ## - Materia general
Temática (materia general) TRASTORNOS DEL APARATO DIGESTIVO
650 ## - Materia general
Temática (materia general) ENFERMEDADES DEL CORAZÓN
650 ## - Materia general
Temática (materia general) ENFERMEDADES DE LA SANGRE
650 ## - Materia general
Temática (materia general) TRASTORNOS NEUROLÓGICOS
650 ## - Materia general
Temática (materia general) PROBLEMAS GENITOURINARIOS
650 ## - Materia general
Temática (materia general) TRASTORNOS MUSCULOESQUELETICO
650 ## - Materia general
Temática (materia general) TRASTORNOS ENDOCRINOS
650 ## - Materia general
Temática (materia general) TRASTORNOS METABÓLICOS
650 ## - Materia general
Temática (materia general) DERMATITIS
650 ## - Materia general
Temática (materia general) ACNÉ
650 ## - Materia general
Temática (materia general) PSORIASIS
650 ## - Materia general
Temática (materia general) LESIONES CUTÁNEAS
650 ## - Materia general
Temática (materia general) ENFERMEDADES INFECCIOSAS
942 ## - Punto de acceso adicional KOHA
Tipo de ítem KOHA Libro
Fuente del sistema de clasificación o colocación Dewey Decimal Classification
Existencias
Signatura completa Código de barras Programa Académico Tipo de ítem
613.043.2 N964n 15803 Temática General Libro